000 00585nam a2200217 a 4500
001 17074
003 CO-ViMGA
008 141112s2004 ck r 000 u spa d
020 _a9586555119
040 _aCO-ViMGA
_bspa
_cCO-ViMGA
082 0 4 _a516.15 M174p
100 1 _aMarín, Mario
_924225
245 1 0 _aPoliedros
260 _aMedellín (Antioquia),
_cUniversidad de Antioquia,
_c2001
300 _a137.p.
590 _aForma de adquisición : Premio - Mincultura
650 1 4 _aGEOMETRIA
_92003
650 1 4 _aPOLIEDROS
_924226
650 1 4 _aPOLIGONOS
_924227
942 _2ddc
_cBK
999 _c26687
_d26687